[Event "DEM U12w 2023"]
[Site "Willingen GER"]
[Date "2023.06.02"]
[Round "8"]
[White "Xiao, Yiyi"]
[Black "Czäczine, Paula"]
[Result "0-1"]
[Termination "normal"]
[Board "1"]
[WhiteElo "1267"]
[BlackElo "1549"]
[WhiteClock "01:23:38"]
[BlackClock "00:17:55"]
[PlyCount "96"]
[WhiteFideId "34605665"]
[BlackFideId "16249305"]
[EventCountry "GER"]
[EventRounds "9"]
[EventType "swiss"]
[EventDate "2023.05.27"]

1. e4 {[%clk 01:30:56]} {[%emt 00:00:03]} e5 {[%clk 01:30:52]} {[%emt
00:00:09]} 2. Nf3 {[%clk 01:31:12]} {[%emt 00:00:13]} Nc6 {[%clk 01:31:16]}
{[%emt 00:00:07]} 3. d4 {[%clk 01:31:30]} {[%emt 00:00:12]} exd4 {[%clk
01:31:30]} {[%emt 00:00:16]} 4. Nxd4 {[%clk 01:31:53]} {[%emt 00:00:06]} Bc5
{[%clk 01:30:21]} {[%emt 00:01:40]} 5. Be3 {[%clk 01:32:11]} {[%emt 00:00:12]}
Qf6 {[%clk 01:30:38]} {[%emt 00:00:13]} 6. c3 {[%clk 01:32:26]} {[%emt
00:00:15]} Nge7 {[%clk 01:30:28]} {[%emt 00:00:40]} 7. Be2 {[%clk 01:29:37]}
{[%emt 00:03:18]} O-O {[%clk 01:28:04]} {[%emt 00:02:55]} 8. O-O {[%clk
01:29:36]} {[%emt 00:00:31]} b6 {[%clk 01:23:04]} {[%emt 00:05:30]} 9. b4
{[%clk 01:26:22]} {[%emt 00:03:43]} Bxd4 {[%clk 01:18:19]} {[%emt 00:05:15]}
10. Bxd4 {[%clk 01:25:49]} {[%emt 00:01:04]} Nxd4 {[%clk 01:18:18]} {[%emt
00:00:31]} 11. cxd4 {[%clk 01:23:56]} {[%emt 00:02:23]} Nc6 {[%clk 01:14:27]}
{[%emt 00:04:21]} 12. e5 {[%clk 01:24:02]} {[%emt 00:00:24]} Qe7 {[%clk
01:08:35]} {[%emt 00:06:22]} 13. a3 {[%clk 01:22:51]} {[%emt 00:01:41]} Bb7
{[%clk 01:04:51]} {[%emt 00:04:13]} 14. Nc3 {[%clk 01:21:33]} {[%emt 00:01:47]}
d6 {[%clk 01:01:45]} {[%emt 00:03:37]} 15. f4 {[%clk 01:17:02]} {[%emt
00:05:01]} dxe5 {[%clk 00:57:57]} {[%emt 00:04:18]} 16. dxe5 {[%clk 01:16:35]}
{[%emt 00:00:58]} Rad8 {[%clk 00:54:04]} {[%emt 00:04:23]} 17. Qe1 {[%clk
01:14:32]} {[%emt 00:02:32]} Nd4 {[%clk 00:50:24]} {[%emt 00:04:11]} 18. Rd1
{[%clk 01:07:36]} {[%emt 00:07:26]} Nxe2+ {[%clk 00:49:01]} {[%emt 00:01:53]}
19. Qxe2 {[%clk 01:07:26]} {[%emt 00:00:39]} Rxd1 {[%clk 00:46:20]} {[%emt
00:03:13]} 20. Rxd1 {[%clk 01:07:12]} {[%emt 00:00:43]} Rd8 {[%clk 00:45:46]}
{[%emt 00:01:04]} 21. h3 {[%clk 01:01:13]} {[%emt 00:06:28]} h6 {[%clk
00:41:59]} {[%emt 00:04:18]} 22. Kh2 {[%clk 01:00:04]} {[%emt 00:01:35]} Rd7
{[%clk 00:38:22]} {[%emt 00:04:10]} 23. Rxd7 {[%clk 00:59:26]} {[%emt
00:01:09]} Qxd7 {[%clk 00:38:44]} {[%emt 00:00:08]} 24. Qd1 {[%clk 00:59:36]}
{[%emt 00:00:19]} Qxd1 {[%clk 00:37:37]} {[%emt 00:01:38]} 25. Nxd1 {[%clk
00:59:55]} {[%emt 00:00:11]} Kf8 {[%clk 00:34:41]} {[%emt 00:03:26]} 26. g4
{[%clk 01:00:14]} {[%emt 00:00:11]} Ke7 {[%clk 00:32:31]} {[%emt 00:02:40]} 27.
Kg3 {[%clk 01:00:08]} {[%emt 00:00:35]} Ke6 {[%clk 00:32:17]} {[%emt 00:00:44]}
28. h4 {[%clk 00:59:17]} {[%emt 00:01:21]} c5 {[%clk 00:28:14]} {[%emt
00:04:33]} 29. bxc5 {[%emt 00:00:43]} bxc5 {[%clk 00:28:12]} {[%emt 00:00:11]}
30. Ne3 {[%clk 00:59:44]} {[%emt 00:00:11]} g6 {[%clk 00:22:32]} {[%emt
00:06:11]} 31. Nc4 {[%clk 00:57:26]} {[%emt 00:02:47]} Bd5 {[%clk 00:17:37]}
{[%emt 00:05:25]} 32. Ne3 {[%clk 00:55:08]} {[%emt 00:02:49]} a6 {[%clk
00:12:38]} {[%emt 00:05:30]} 33. h5 {[%clk 00:50:07]} {[%emt 00:05:29]} gxh5
{[%clk 00:09:40]} {[%emt 00:03:29]} 34. gxh5 {[%clk 00:50:22]} {[%emt
00:00:14]} c4 {[%clk 00:08:59]} {[%emt 00:01:12]} 35. Kf2 {[%clk 00:50:43]}
{[%emt 00:00:08]} c3 {[%clk 00:06:55]} {[%emt 00:02:36]} 36. Ke2 {[%clk
00:49:46]} {[%emt 00:01:26]} Bb3 {[%clk 00:02:18]} {[%emt 00:05:07]} 37. Kd3
{[%clk 00:50:07]} {[%emt 00:00:09]} c2 {[%clk 00:02:34]} {[%emt 00:00:14]} 38.
Nxc2 {[%clk 00:50:32]} {[%emt 00:00:05]} Bxc2+ {[%clk 00:03:01]} {[%emt
00:00:03]} 39. Kxc2 {[%clk 00:50:55]} {[%emt 00:00:06]} Kf5 {[%clk 00:03:26]}
{[%emt 00:00:05]} 40. Kd3 {[%clk 00:51:15]} {[%emt 00:00:11]} Kxf4 {[%clk
00:03:39]} {[%emt 00:00:17]} 41. Kd4 {[%clk 00:51:38]} {[%emt 00:00:06]} Kf5
{[%clk 00:30:18]} {[%emt 00:03:52]} 42. Kd5 {[%clk 01:21:55]} {[%emt 00:00:13]}
Kg5 {[%clk 00:16:15]} {[%emt 00:14:32]} 43. Kd6 {[%clk 01:22:12]} {[%emt
00:00:13]} Kxh5 {[%clk 00:16:25]} {[%emt 00:00:21]} 44. Ke7 {[%clk 01:22:30]}
{[%emt 00:00:12]} Kg6 {[%clk 00:16:49]} {[%emt 00:00:06]} 45. e6 {[%clk
01:22:21]} {[%emt 00:00:39]} fxe6 {[%clk 00:17:09]} {[%emt 00:00:10]} 46. Kxe6
{[%clk 01:22:43]} {[%emt 00:00:08]} h5 {[%clk 00:17:31]} {[%emt 00:00:08]} 47.
Ke5 {[%clk 01:23:10]} {[%emt 00:00:03]} Kg5 {[%clk 00:17:55]} {[%emt 00:00:05]}
48. Ke4 {[%clk 01:23:38]} {[%emt 00:00:02]} Kg4 {[%emt 00:03:07]} 0-1

[Event "DEM U12w 2023"]
[Site "Willingen GER"]
[Date "2023.06.02"]
[Round "8"]
[White "Mehner, Clara"]
[Black "Wagner, Cosima Thien-An"]
[Result "1-0"]
[Termination "normal"]
[Board "2"]
[WhiteElo "1250"]
[BlackElo "1565"]
[WhiteClock "00:12:25"]
[BlackClock "00:09:25"]
[PlyCount "117"]
[WhiteFideId "34612165"]
[BlackFideId "34603484"]
[EventCountry "GER"]
[EventRounds "9"]
[EventType "swiss"]
[EventDate "2023.05.27"]

1. e4 {[%clk 01:30:58]} c5 {[%clk 01:30:57]} {[%emt 00:00:04]} 2. d4 {[%clk
01:31:15]} {[%emt 00:00:13]} cxd4 {[%clk 01:31:23]} {[%emt 00:00:05]} 3. c3
{[%clk 01:31:34]} {[%emt 00:00:10]} Nf6 {[%clk 01:31:48]} {[%emt 00:00:06]} 4.
e5 {[%clk 01:26:26]} {[%emt 00:05:38]} Nd5 {[%clk 01:32:10]} {[%emt 00:00:08]}
5. cxd4 {[%clk 01:21:09]} {[%emt 00:05:46]} Nc6 {[%clk 01:30:14]} {[%emt
00:02:26]} 6. Nf3 {[%clk 01:17:27]} {[%emt 00:04:11]} e6 {[%clk 01:28:44]}
{[%emt 00:02:01]} 7. a3 {[%clk 01:12:44]} {[%emt 00:05:14]} d6 {[%clk
01:27:48]} {[%emt 00:01:26]} 8. Bc4 {[%clk 01:09:27]} {[%emt 00:03:46]} Nb6
{[%clk 01:25:51]} {[%emt 00:02:27]} 9. Bb3 {[%clk 01:08:01]} {[%emt 00:01:55]}
dxe5 {[%clk 01:23:48]} {[%emt 00:02:33]} 10. dxe5 {[%clk 01:07:12]} {[%emt
00:01:20]} Qxd1+ {[%clk 01:23:54]} {[%emt 00:00:25]} 11. Bxd1 {[%clk 01:07:08]}
{[%emt 00:00:33]} Nc4 {[%clk 01:21:37]} {[%emt 00:02:47]} 12. Ba4 {[%clk
00:56:52]} {[%emt 00:10:46]} Bd7 {[%clk 01:18:11]} {[%emt 00:03:56]} 13. Bxc6
{[%clk 00:54:34]} {[%emt 00:02:47]} Bxc6 {[%clk 01:18:27]} {[%emt 00:00:15]}
14. Nbd2 {[%clk 00:54:21]} {[%emt 00:00:42]} Nxd2 {[%clk 01:16:21]} {[%emt
00:02:36]} 15. Bxd2 {[%clk 00:54:26]} {[%emt 00:00:25]} Rd8 {[%clk 01:13:32]}
{[%emt 00:03:20]} 16. Be3 {[%clk 00:48:17]} {[%emt 00:06:39]} Bxf3 {[%clk
01:11:42]} {[%emt 00:02:20]} 17. gxf3 {[%clk 00:48:28]} {[%emt 00:00:20]} Rd5
{[%clk 01:04:18]} {[%emt 00:07:53]} 18. f4 {[%clk 00:44:16]} {[%emt 00:04:42]}
g5 {[%clk 00:53:31]} {[%emt 00:11:16]} 19. fxg5 {[%clk 00:37:28]} {[%emt
00:07:19]} Rxe5 {[%clk 00:53:10]} {[%emt 00:00:51]} 20. O-O-O {[%clk 00:36:19]}
{[%emt 00:01:38]} Bc5 {[%clk 00:49:31]} {[%emt 00:04:09]} 21. Rhe1 {[%clk
00:26:52]} {[%emt 00:09:58]} Bxe3+ {[%clk 00:47:38]} {[%emt 00:02:24]} 22. Rxe3
{[%clk 00:26:45]} {[%emt 00:00:36]} Rxg5 {[%clk 00:45:10]} {[%emt 00:02:58]}
23. Rc3 {[%clk 00:25:58]} {[%emt 00:01:17]} O-O {[%clk 00:39:11]} {[%emt
00:06:29]} 24. Rd7 {[%clk 00:23:06]} {[%emt 00:03:21]} Rg1+ {[%clk 00:30:11]}
{[%emt 00:09:31]} 25. Kd2 {[%clk 00:20:41]} {[%emt 00:02:55]} Rg2 {[%clk
00:27:51]} {[%emt 00:02:50]} 26. Rf3 {[%clk 00:19:16]} {[%emt 00:01:54]} Rxh2
{[%clk 00:26:43]} {[%emt 00:01:39]} 27. Rxb7 {[%clk 00:18:21]} {[%emt
00:01:26]} a5 {[%clk 00:23:39]} {[%emt 00:03:34]} 28. Rg3+ {[%clk 00:14:50]}
{[%emt 00:04:00]} Kh8 {[%clk 00:23:50]} {[%emt 00:00:19]} 29. Rf3 {[%clk
00:15:02]} {[%emt 00:00:18]} Rh5 {[%clk 00:15:50]} {[%emt 00:08:30]} 30. Rfxf7
{[%clk 00:12:23]} {[%emt 00:03:09]} Rd5+ {[%clk 00:13:05]} {[%emt 00:03:14]}
31. Ke3 {[%clk 00:11:16]} {[%emt 00:01:37]} Rxf7 {[%clk 00:12:50]} {[%emt
00:00:46]} 32. Rxf7 {[%clk 00:11:35]} {[%emt 00:00:10]} Rb5 {[%clk 00:12:12]}
{[%emt 00:01:09]} 33. Ra7 {[%clk 00:10:29]} {[%emt 00:01:36]} Rb3+ {[%clk
00:11:18]} {[%emt 00:01:24]} 34. Kd4 {[%clk 00:08:27]} {[%emt 00:02:31]} Rxb2
{[%clk 00:10:52]} {[%emt 00:00:57]} 35. Rxa5 {[%clk 00:08:29]} {[%emt
00:00:28]} Rxf2 {[%clk 00:10:44]} {[%emt 00:00:37]} 36. Re5 {[%clk 00:07:20]}
{[%emt 00:01:38]} Rf4+ {[%clk 00:07:56]} {[%emt 00:03:19]} 37. Kc5 {[%clk
00:05:54]} {[%emt 00:01:56]} Ra4 {[%clk 00:07:11]} {[%emt 00:01:15]} 38. Re3
{[%clk 00:05:15]} {[%emt 00:01:09]} Kg7 {[%clk 00:06:14]} {[%emt 00:01:27]} 39.
Kb5 {[%clk 00:03:38]} {[%emt 00:02:07]} Ra8 {[%clk 00:05:40]} {[%emt 00:01:05]}
40. a4 {[%clk 00:03:02]} {[%emt 00:01:05]} Kf6 {[%clk 00:02:31]} {[%emt
00:03:38]} 41. a5 {[%clk 00:01:50]} {[%emt 00:01:43]} Ke7 {[%clk 00:28:48]}
{[%emt 00:04:14]} 42. Kb6 {[%clk 00:28:55]} {[%emt 00:03:24]} Kd6 {[%clk
00:19:24]} {[%emt 00:09:54]} 43. Rd3 {[%clk 00:27:44]} {[%emt 00:01:41]} Ke7
{[%clk 00:18:40]} {[%emt 00:01:14]} 44. a6 {[%clk 00:24:04]} {[%emt 00:04:11]}
Rb8+ {[%clk 00:16:50]} {[%emt 00:02:19]} 45. Kc7 {[%clk 00:24:09]} {[%emt
00:00:24]} Re8 {[%clk 00:13:13]} {[%emt 00:04:05]} 46. a7 {[%clk 00:20:10]}
{[%emt 00:04:31]} Kf6 {[%clk 00:12:06]} {[%emt 00:01:37]} 47. Ra3 {[%clk
00:19:01]} {[%emt 00:01:38]} Re7+ {[%clk 00:11:43]} {[%emt 00:00:53]} 48. Kd6
{[%clk 00:18:56]} {[%emt 00:00:36]} Rxa7 {[%clk 00:11:20]} {[%emt 00:00:54]}
49. Rxa7 {[%clk 00:19:18]} {[%emt 00:00:07]} h5 {[%clk 00:11:17]} {[%emt
00:00:33]} 50. Rh7 {[%clk 00:17:21]} {[%emt 00:02:27]} Kg6 {[%clk 00:10:52]}
{[%emt 00:00:55]} 51. Rh8 {[%clk 00:16:46]} {[%emt 00:01:04]} Kg5 {[%clk
00:11:12]} {[%emt 00:00:12]} 52. Kxe6 {[%clk 00:13:58]} {[%emt 00:03:17]} h4
{[%clk 00:10:50]} {[%emt 00:00:53]} 53. Ke5 {[%clk 00:13:41]} {[%emt 00:00:46]}
Kg4 {[%clk 00:11:06]} {[%emt 00:00:15]} 54. Ke4 {[%clk 00:13:34]} {[%emt
00:00:36]} Kg3 {[%clk 00:10:49]} {[%emt 00:00:49]} 55. Ke3 {[%clk 00:13:35]}
{[%emt 00:00:27]} h3 {[%clk 00:08:44]} {[%emt 00:02:35]} 56. Rg8 {[%clk
00:13:46]} {[%emt 00:00:19]} Kh2 {[%clk 00:08:55]} {[%emt 00:00:19]} 57. Kf2
{[%clk 00:12:58]} {[%emt 00:01:18]} Kh1 {[%clk 00:09:16]} {[%emt 00:00:09]} 58.
Rh8 {[%clk 00:12:02]} {[%emt 00:01:26]} Kh2 {[%clk 00:09:25]} {[%emt 00:00:21]}
59. Rh7 {[%clk 00:12:25]} {[%emt 00:00:08]} 1-0

[Event "DEM U12w 2023"]
[Site "Willingen GER"]
[Date "2023.06.02"]
[Round "8"]
[White "Ramakrishnan, Veda"]
[Black "Bakó, Isabella"]
[Result "1/2-1/2"]
[Termination "normal"]
[Board "3"]
[WhiteElo "1231"]
[BlackElo "1214"]
[WhiteClock "00:41:43"]
[BlackClock "00:10:04"]
[PlyCount "121"]
[WhiteFideId "16269519"]
[BlackFideId "16287266"]
[EventCountry "GER"]
[EventRounds "9"]
[EventType "swiss"]
[EventDate "2023.05.27"]

1. d4 {[%clk 01:30:58]} {[%emt 00:00:02]} d5 {[%clk 01:30:45]} {[%emt
00:00:14]} 2. c4 {[%clk 01:31:18]} {[%emt 00:00:10]} e6 {[%clk 01:31:00]}
{[%emt 00:00:16]} 3. Nc3 {[%clk 01:31:36]} {[%emt 00:00:11]} Be7 {[%clk
01:31:09]} {[%emt 00:00:22]} 4. Bf4 {[%clk 01:31:28]} {[%emt 00:00:37]} Nf6
{[%clk 01:30:28]} {[%emt 00:01:11]} 5. e3 {[%clk 01:31:07]} {[%emt 00:00:51]}
O-O {[%clk 01:28:27]} {[%emt 00:02:31]} 6. cxd5 {[%clk 01:28:54]} {[%emt
00:02:44]} exd5 {[%clk 01:28:25]} {[%emt 00:00:31]} 7. Bd3 {[%clk 01:27:55]}
{[%emt 00:01:29]} c6 {[%clk 01:27:41]} {[%emt 00:01:15]} 8. h3 {[%clk
01:26:31]} {[%emt 00:01:53]} Nbd7 {[%clk 01:25:16]} {[%emt 00:02:56]} 9. Nf3
{[%clk 01:26:10]} {[%emt 00:00:51]} Re8 {[%clk 01:21:15]} {[%emt 00:04:30]} 10.
O-O {[%clk 01:24:33]} {[%emt 00:02:07]} Nf8 {[%clk 01:17:38]} {[%emt 00:04:07]}
11. Rb1 {[%clk 01:23:52]} {[%emt 00:01:11]} Ng6 {[%clk 01:08:09]} {[%emt
00:09:59]} 12. Bh2 {[%clk 01:21:06]} {[%emt 00:03:16]} Bd6 {[%clk 01:05:17]}
{[%emt 00:03:22]} 13. Bxd6 {[%clk 01:18:38]} {[%emt 00:02:58]} Qxd6 {[%clk
01:05:32]} {[%emt 00:00:15]} 14. Qc2 {[%clk 01:18:30]} {[%emt 00:00:39]} Nf8
{[%clk 01:00:41]} {[%emt 00:05:21]} 15. b4 {[%clk 01:11:36]} {[%emt 00:07:24]}
b5 {[%clk 00:53:14]} {[%emt 00:07:57]} 16. Nd2 {[%clk 01:00:13]} {[%emt
00:11:53]} a5 {[%clk 00:48:18]} {[%emt 00:05:26]} 17. bxa5 {[%clk 00:55:18]}
{[%emt 00:05:25]} Rxa5 {[%clk 00:44:57]} {[%emt 00:03:51]} 18. a4 {[%clk
00:47:29]} {[%emt 00:08:18]} bxa4 {[%clk 00:31:38]} {[%emt 00:13:50]} 19. Nxa4
{[%clk 00:47:26]} {[%emt 00:00:32]} Bd7 {[%clk 00:26:22]} {[%emt 00:05:46]} 20.
Nc5 {[%clk 00:44:13]} {[%emt 00:03:43]} Ra7 {[%clk 00:23:48]} {[%emt 00:03:00]}
21. Ra1 {[%clk 00:41:26]} {[%emt 00:03:19]} Rea8 {[%clk 00:21:57]} {[%emt
00:02:22]} 22. Rxa7 {[%clk 00:39:51]} {[%emt 00:02:07]} Rxa7 {[%clk 00:22:10]}
{[%emt 00:00:18]} 23. Rb1 {[%clk 00:39:44]} {[%emt 00:00:33]} Ne6 {[%clk
00:19:40]} {[%emt 00:03:02]} 24. Nxd7 {[%clk 00:38:10]} {[%emt 00:02:05]} Qxd7
{[%clk 00:19:08]} {[%emt 00:01:01]} 25. Nf3 {[%clk 00:35:53]} {[%emt 00:02:47]}
Qd6 {[%clk 00:16:06]} {[%emt 00:03:32]} 26. Ne5 {[%clk 00:34:25]} {[%emt
00:01:58]} Rc7 {[%clk 00:13:37]} {[%emt 00:03:00]} 27. Rb8+ {[%clk 00:31:21]}
{[%emt 00:03:33]} Nf8 {[%clk 00:13:24]} {[%emt 00:00:44]} 28. Rb6 {[%clk
00:31:08]} {[%emt 00:00:40]} N8d7 {[%clk 00:10:11]} {[%emt 00:03:45]} 29. Rxc6
{[%clk 00:27:52]} {[%emt 00:03:46]} Rxc6 {[%clk 00:09:32]} {[%emt 00:01:10]}
30. Qxc6 {[%clk 00:28:05]} {[%emt 00:00:16]} Qxc6 {[%clk 00:09:04]} {[%emt
00:00:59]} 31. Nxc6 {[%clk 00:28:23]} {[%emt 00:00:11]} Kf8 {[%clk 00:08:01]}
{[%emt 00:01:33]} 32. Kf1 {[%clk 00:27:43]} {[%emt 00:01:10]} Nb6 {[%clk
00:07:13]} {[%emt 00:01:18]} 33. Ke2 {[%clk 00:27:17]} {[%emt 00:00:54]} Ke8
{[%clk 00:05:52]} {[%emt 00:01:53]} 34. Kf3 {[%clk 00:27:08]} {[%emt 00:00:39]}
Kd7 {[%clk 00:05:17]} {[%emt 00:01:05]} 35. Ne5+ {[%clk 00:27:06]} {[%emt
00:00:32]} Ke6 {[%clk 00:04:32]} {[%emt 00:01:15]} 36. Kf4 {[%clk 00:26:20]}
{[%emt 00:01:16]} Nh5+ {[%clk 00:03:49]} {[%emt 00:01:13]} 37. Kg5 {[%clk
00:25:36]} {[%emt 00:01:14]} f6+ {[%clk 00:02:30]} {[%emt 00:01:49]} 38. Kxh5
{[%clk 00:25:59]} {[%emt 00:00:07]} fxe5 {[%clk 00:02:33]} {[%emt 00:00:28]}
39. dxe5 {[%clk 00:26:14]} {[%emt 00:00:14]} Kxe5 {[%clk 00:02:05]} {[%emt
00:00:57]} 40. Bxh7 {[%clk 00:26:27]} {[%emt 00:00:18]} Kf6 {[%clk 00:01:57]}
{[%emt 00:00:39]} 41. Bd3 {[%clk 00:25:17]} {[%emt 00:01:38]} Nc8 {[%clk
00:01:32]} {[%emt 00:00:57]} 42. Kg4 {[%clk 00:24:55]} {[%emt 00:00:46]} Ne7
{[%clk 00:28:32]} {[%emt 00:03:36]} 43. Kf4 {[%clk 00:53:58]} {[%emt 00:01:23]}
Nc8 {[%clk 00:26:57]} {[%emt 00:02:08]} 44. g4 {[%clk 00:53:09]} {[%emt
00:01:19]} g5+ {[%clk 00:26:46]} {[%emt 00:00:42]} 45. Kg3 {[%clk 00:53:08]}
{[%emt 00:00:31]} Nd6 {[%clk 00:26:26]} {[%emt 00:00:50]} 46. h4 {[%clk
00:52:11]} {[%emt 00:01:26]} gxh4+ {[%clk 00:26:16]} {[%emt 00:00:40]} 47. Kxh4
{[%clk 00:52:27]} {[%emt 00:00:14]} Nf7 {[%clk 00:26:08]} {[%emt 00:00:38]} 48.
f4 {[%clk 00:52:23]} {[%emt 00:00:34]} Kg7 {[%clk 00:25:31]} {[%emt 00:01:07]}
49. g5 {[%clk 00:50:23]} {[%emt 00:02:30]} Kg8 {[%clk 00:25:10]} {[%emt
00:00:51]} 50. Kh5 {[%clk 00:48:27]} {[%emt 00:02:27]} Kg7 {[%clk 00:24:56]}
{[%emt 00:00:43]} 51. g6 {[%clk 00:47:27]} {[%emt 00:01:30]} Nd6 {[%clk
00:24:48]} {[%emt 00:00:38]} 52. Kg5 {[%clk 00:47:34]} {[%emt 00:00:21]} Ne8
{[%clk 00:24:39]} {[%emt 00:00:42]} 53. f5 {[%clk 00:47:25]} {[%emt 00:00:38]}
Nf6 {[%clk 00:24:39]} {[%emt 00:00:31]} 54. Kf4 {[%clk 00:47:06]} {[%emt
00:00:47]} Kh6 {[%clk 00:19:53]} {[%emt 00:05:17]} 55. Ke5 {[%clk 00:44:53]}
{[%emt 00:02:42]} Kg7 {[%clk 00:11:20]} {[%emt 00:09:04]} 56. e4 {[%clk
00:44:25]} {[%emt 00:00:58]} dxe4 {[%clk 00:11:06]} {[%emt 00:00:45]} 57. Bxe4
{[%clk 00:44:45]} {[%emt 00:00:10]} Nh5 {[%clk 00:10:35]} {[%emt 00:01:00]} 58.
Ke6 {[%clk 00:42:09]} {[%emt 00:03:06]} Nf6 {[%clk 00:10:28]} {[%emt 00:00:38]}
59. Bb1 {[%clk 00:41:47]} {[%emt 00:00:52]} Nh5 {[%clk 00:09:44]} {[%emt
00:01:13]} 60. f6+ {[%clk 00:41:40]} {[%emt 00:00:33]} Nxf6 {[%clk 00:10:04]}
{[%emt 00:00:14]} 61. Ke7 {[%clk 00:41:43]} {[%emt 00:00:27]} 1/2-1/2

[Event "DEM U12w 2023"]
[Site "Willingen GER"]
[Date "2023.06.02"]
[Round "8"]
[White "Rafikova, Ailin"]
[Black "John, Linnea"]
[Result "1-0"]
[Termination "normal"]
[Board "4"]
[WhiteElo "1238"]
[BlackElo "1396"]
[WhiteClock "00:01:34"]
[BlackClock "00:03:56"]
[PlyCount "69"]
[WhiteFideId "34612173"]
[BlackFideId "34623680"]
[EventCountry "GER"]
[EventRounds "9"]
[EventType "swiss"]
[EventDate "2023.05.27"]

1. e4 {[%clk 01:30:41]} {[%emt 00:00:18]} c5 {[%clk 01:30:53]} {[%emt
00:00:07]} 2. Nc3 {[%clk 01:30:49]} {[%emt 00:00:22]} Nc6 {[%clk 01:31:12]}
{[%emt 00:00:11]} 3. g3 {[%clk 01:30:45]} {[%emt 00:00:34]} g6 {[%clk
01:30:17]} {[%emt 00:01:26]} 4. Bg2 {[%clk 01:30:11]} {[%emt 00:01:03]} Bg7
{[%clk 01:29:47]} {[%emt 00:01:01]} 5. d3 {[%clk 01:29:21]} {[%emt 00:01:19]}
e6 {[%clk 01:28:59]} {[%emt 00:01:19]} 6. Be3 {[%clk 01:24:24]} {[%emt
00:05:27]} d6 {[%clk 01:28:18]} {[%emt 00:01:11]} 7. Qd2 {[%clk 01:22:19]}
{[%emt 00:02:34]} Nge7 {[%clk 01:27:58]} {[%emt 00:00:50]} 8. Nge2 {[%clk
01:20:19]} {[%emt 00:02:30]} O-O {[%clk 01:25:46]} {[%emt 00:02:42]} 9. Bh6
{[%clk 01:16:04]} {[%emt 00:04:45]} Qa5 {[%clk 01:16:56]} {[%emt 00:09:21]} 10.
Bxg7 {[%clk 01:13:40]} {[%emt 00:02:53]} Kxg7 {[%clk 01:17:19]} {[%emt
00:00:07]} 11. O-O {[%clk 01:11:41]} {[%emt 00:02:29]} Nd4 {[%clk 01:13:17]}
{[%emt 00:04:32]} 12. Qc1 {[%clk 01:04:17]} {[%emt 00:07:54]} Nec6 {[%clk
01:11:01]} {[%emt 00:02:47]} 13. Nxd4 {[%clk 00:57:36]} {[%emt 00:07:10]} Nxd4
{[%clk 01:08:55]} {[%emt 00:02:36]} 14. Qd1 {[%clk 00:52:17]} {[%emt 00:05:49]}
Bd7 {[%clk 01:06:43]} {[%emt 00:02:43]} 15. Ne2 {[%clk 00:48:19]} {[%emt
00:04:27]} Rac8 {[%clk 01:05:43]} {[%emt 00:01:30]} 16. c3 {[%clk 00:44:11]}
{[%emt 00:04:39]} Nxe2+ {[%clk 01:02:14]} {[%emt 00:03:58]} 17. Qxe2 {[%clk
00:43:22]} {[%emt 00:01:19]} e5 {[%clk 01:00:31]} {[%emt 00:02:13]} 18. f4
{[%clk 00:35:14]} {[%emt 00:08:39]} exf4 {[%clk 00:53:21]} {[%emt 00:07:39]}
19. Rxf4 {[%clk 00:25:07]} {[%emt 00:10:38]} Rce8 {[%clk 00:40:05]} {[%emt
00:13:46]} 20. Qf1 {[%clk 00:18:48]} {[%emt 00:06:49]} Qb6 {[%clk 00:31:37]}
{[%emt 00:08:58]} 21. Rb1 {[%clk 00:13:09]} {[%emt 00:06:08]} Be6 {[%clk
00:21:36]} {[%emt 00:10:31]} 22. c4 {[%clk 00:08:33]} {[%emt 00:05:07]} Qa5
{[%clk 00:16:58]} {[%emt 00:05:07]} 23. Ra1 {[%clk 00:06:07]} {[%emt 00:02:57]}
b5 {[%clk 00:15:51]} {[%emt 00:01:36]} 24. Bh3 {[%clk 00:03:32]} {[%emt
00:03:05]} Bxh3 {[%clk 00:14:32]} {[%emt 00:01:49]} 25. Qxh3 {[%clk 00:03:29]}
{[%emt 00:00:33]} Qd2 {[%clk 00:13:29]} {[%emt 00:01:33]} 26. cxb5 {[%clk
00:02:13]} {[%emt 00:01:46]} Qxb2 {[%clk 00:13:38]} {[%emt 00:00:21]} 27. Raf1
{[%clk 00:01:43]} {[%emt 00:01:00]} Qxb5 {[%clk 00:09:26]} {[%emt 00:04:42]}
28. R4f3 {[%clk 00:01:37]} {[%emt 00:00:36]} Qb2 {[%clk 00:06:40]} {[%emt
00:03:16]} 29. R1f2 {[%clk 00:01:34]} {[%emt 00:00:33]} Qb1+ {[%clk 00:06:45]}
{[%emt 00:00:26]} 30. Kg2 {[%clk 00:01:41]} {[%emt 00:00:22]} c4 {[%clk
00:06:01]} {[%emt 00:01:15]} 31. Qd7 {[%clk 00:01:19]} {[%emt 00:00:52]} Qb8
{[%clk 00:03:43]} {[%emt 00:02:47]} 32. Rxf7+ {[%emt 00:00:46]} Kg8 {[%clk
00:03:07]} {[%emt 00:01:00]} 33. Rg7+ {[%clk 00:01:06]} {[%emt 00:00:33]} Kh8
{[%clk 00:03:30]} {[%emt 00:00:07]} 34. Rxh7+ {[%clk 00:01:18]} {[%emt
00:00:18]} Kg8 {[%clk 00:03:56]} {[%emt 00:00:04]} 35. Qg7# {[%clk 00:01:34]}
{[%emt 00:00:13]} 1-0